| 000 | 01292cad a22002655a 4500 | ||
|---|---|---|---|
| 001 | L151905 | ||
| 008 | 101220s2010 xxk f 000 0 eng d | ||
| 020 | _a9781859357897 | ||
| 035 | _a(Sirsi) u151905 | ||
| 041 | 0 | _aeng | |
| 050 | 0 | 4 | _a306.1 $2 18 |
| 100 | 1 | _aCarr, Helen | |
| 245 | 0 | 0 |
_aTenure rights and responsibilities _h[electronic resource] |
| 260 |
_aYork _bJoseph Rowntree _c2010 |
||
| 505 | 2 | _aIntermediate home ownership -- Access to social housing -- Problems of tenances, repossession and arrears -- Conclusion - References -- Appendix 1 -- Appendix 2 | |
| 520 | _aDiscusses the rights, responsibilities, risks and problems faced by landlords, lenders and tenants. Highlights problems associated with current housing legislation particularly on social housing. Outlines options for tenure reform. Research carried out to support the Joseph Rowntree Foundation Housing Market Taskforce. | ||
| 590 | _aKA | ||
| 651 | 4 |
_aUnited Kingdom _y |
|
| 690 | _aPROPERTY-RESIDENTIAL PROPERTY-DOMESTIC RESIDENTIAL PROPERTY-HOUSING | ||
| 700 | 1 | _aCowan, Dave | |
| 700 | 1 | _aHunter, Caroline | |
| 700 | 1 | _aWallace, Alison | |
| 856 | 4 | 0 |
_uhttps://www.jrf.org.uk/sites/files/jrf/tenure-rights-responsibilities-full.pdf _zView this item free of charge at www.jrf.org.uk |
| 942 | _n0 | ||
| 999 |
_c111722 _d111722 |
||